[Event "IECC M-4944"]
[Site "IECC email"]
[Date "2004.02.05"]
[Round "?"]
[White "Tortorice, Scott D"]
[Black "Grimbergen, Matthijs"]
[Result "0-1"]
[WhiteElo "1359"]
[BlackElo "1454"]
[PlyCount "78"]
[EventDate "2004.??.??"]
[EventType "tourn (corr)"]
[EventRounds "10"]
[SourceTitle "Corr 2020"]
[Source "ChessBase"]
[SourceDate "2019.09.30"]
[SourceVersion "1"]
[SourceVersionDate "2019.09.30"]
[SourceQuality "1"]
[WhiteTeam "United States"]
[BlackTeam "Netherlands"]
[WhiteTeamCountry "USA"]
[BlackTeamCountry "NED"]

1. Nc3 Nf6 2. e4 e5 3. Nf3 Nc6 4. d4 Bb4 5. Nxe5 Nxe4 6. Qg4 Nxc3 7. Qxg7 Rf8 8. a3 Ba5 9. Nxc6 dxc6 10. Qe5+ Qe7 11. Qxe7+ Kxe7 12. Bd3 Nd5+ 13. c3 f5 14. 0-0 c5 15. b4 cxb4 16. axb4 Bb6 17. Re1+ Kf7 18. Bd2 c6 19. b5 Bd7 20. Rac1 cxb5 21. c4 bxc4 22. Bxc4 Be6 23. Bxd5 Bxd5 24. Re5 Be4 25. Be3 Rfe8 26. f4 Rxe5 27. fxe5 Re8 28. Kh1 Rg8 29. Rg1 f4 30. Bf2 f3 31. h3 Rxg2 32. Re1 Rxf2 33. Rxe4 Ke6 34. Kg1 Rd2 35. Kf1 Bxd4 36. Ke1 Re2+ 37. Rxe2 fxe2 38. Kxe2 Kxe5 39. Kd3 b5 0-1

[Event "IECC M-4703"]
[Site "IECC email"]
[Date "2003.04.27"]
[Round "?"]
[White "Tortorice, Scott D"]
[Black "Garcia, Mat"]
[Result "0-1"]
[WhiteElo "1403"]
[BlackElo "1361"]
[PlyCount "90"]
[EventDate "2003.??.??"]
[EventType "tourn (corr)"]
[EventRounds "10"]
[SourceTitle "Corr 2020"]
[Source "ChessBase"]
[SourceDate "2019.09.30"]
[SourceVersion "1"]
[SourceVersionDate "2019.09.30"]
[SourceQuality "1"]
[WhiteTeam "United States"]
[BlackTeam "Australia"]
[WhiteTeamCountry "USA"]
[BlackTeamCountry "AUS"]

1. e4 c5 2. Nf3 Nc6 3. d4 cxd4 4. Nxd4 e6 5. Nc3 a6 6. g3 d6 7. Bg2 Be7 8. Be3 Rb8 9. Qg4 g6 10. e5 d5 11. Nxc6 bxc6 12. b3 Rb4 13. Qd1 d4 14. 0-0 dxe3 15. Qxd8+ Bxd8 16. Bxc6+ Kf8 17. Rad1 exf2+ 18. Rxf2 Bb6 19. Ne4 Bxf2+ 20. Nxf2 Ne7 21. Bd7 Bb7 22. a3 Rb6 23. b4 Bd5 24. Rc1 Rb7 25. Ba4 Rc7 26. Nd3 Kg7 27. Nc5 a5 28. Na6 Rc4 29. c3 axb4 30. axb4 Rhc8 31. Nc5 R8xc5 32. bxc5 Rxa4 33. Kf2 Rc4 34. Ke3 Nc6 35. Kd2 Nxe5 36. h4 h5 37. Rb1 g5 38. hxg5 Nf3+ 39. Kd3 Nxg5 40. Rb4 Rxc5 41. Kd4 Rc8 42. Kd3 f5 43. Rh4 Kg6 44. Rb4 Ne4 45. c4 Bxc4+ 0-1